1891 1502 1598 1480 1281 1816 1452 1475 1615 1780 1278 1479 1458 1247 1000 1853 1589 1749 1898 1934 1991 1509 1841 1062 1640 1712 1664 1899 1006 1177 1642 1898 1386 1418 1876 1461 1100 1309 1953 1397 1214 1510 1300 1999 1555 1313 1207 1428 1858 1876 1197 1599 1306 1239 1280 1852 1745 1372 1772 1352 1548 1524 1877 1348 1797 1467 1560 1291 1975 1125 1166 1749 1339 1958 1493 1437 1976 1796 1912 1587 1367 1703 1120 1794 1525 1349 1897 1604 1220 1345 1871 1755 1743 1700 1694 1364 1341 1988 1060 BCNSPRNW ULIB Ver.6.0+V

เปลี่ยนเป็นภาษาไทย

Change to English
 แสดงรายละเอียดบรรณานุกรม
  กลับหน้าหลัก

Brief Record : Get Marc (ISO 2709) : E-mail record : QR code < ปิดหน้าต่าง
LEADER : 00000nam 2200000uu 4500
001    13399124365
003     ULIB
008    150524s2550||||th 000 0 tha d
099    ^aวพ.WL704^bน695ป
100 0  ^aนิสา ครุฑจันทร์
245 00 ^aปัจจัยที่มีความสัมพันธ์กับพฤติกรรมการจัดการความปวดของพยาบาลที่ดูแลผู้ป่วยหลังผ่าตัด/^cนิสา ครุฑจันทร์
260    ^aชลบุุรี:^b,มหาวิทยาลัยบูรพา,^c2550
300    ^a115 หน้า
502    ^aวิทยานิพนธ์ (พย.ม.)สาขาวิชาการพยาบาลผู้ใหญ่--มหาวิทยาลัยบูรพา,2550
650  0 ^aความปวด^xวิจัย
650  0 ^aการจัดการความปวด^xวิจัย
710 1  ^aมหาวิทยาลัยบูรพา
945    ^p0^l0^i22957
999    ^aทศพร เกษรทอง
รายการนี้ยังไม่มีแท็ก
คุณยังไม่ได้ล็อกอิน คุณสามารถมีกิจกรรมร่วมกับเว็บไซต์ได้ แต่ต้องล็อกอินก่อน ::
  ล็อกอิน

รายการสื่อสารสนเทศ

ลำดับที่ ประเภท เลขเรียก/บาร์โค้ด สถานที่ สถานะ
1. วิทยานิพนธ์
วิทยานิพนธ์
วพ.WL704 น695ป ฉ.1 
  Barcode: 22957
ห้องสมุดวิทยาเขตนครสวรรค์
►วิทยานิพนธ์:l:thesis Room
บนชั้น

รายการใกล้เคียง
    ผู้แต่ง [นิสา ครุฑจันทร์]

BibComment


ยังไม่เคยถูกคอมเมนท์

คอมเมนท์ทรัพยากรรายการนี้
  คอมเมนท์: ปัจจัยที่มีความส..


 Copyright 2026. Bcnsprnw @Library